Antorastrio homporko aru rajniti (Record no. 320)

MARC details
000 -LEADER
fixed length control field 00467cam a2200181ua 4500
008 - FIXED-LENGTH DATA ELEMENTS--GENERAL INFORMATION
fixed length control field 110330n ii |||gr||||Z||||||eng
040 ## - CATALOGING SOURCE
Transcribing agency MAIN
082 ## - DEWEY DECIMAL CLASSIFICATION NUMBER
Classification number 327.11
245 10 - TITLE STATEMENT
Title Antorastrio homporko aru rajniti
Statement of responsibility, etc. by Purandar Gogoi
250 ## - EDITION STATEMENT
Edition statement 3rd.
260 ## - PUBLICATION, DISTRIBUTION, ETC.
Place of publication, distribution, etc. Guwahati:
Name of publisher, distributor, etc. Jyoti,995.
300 ## - PHYSICAL DESCRIPTION
Extent 600p:
Dimensions 50cm.
700 ## - ADDED ENTRY--PERSONAL NAME
Personal name Gogoi, Purandar.,
Relator term
942 ## - ADDED ENTRY ELEMENTS (KOHA)
Koha item type Books
653 ## - INDEX TERM--UNCONTROLLED
Uncontrolled term Political science
653 ## - INDEX TERM--UNCONTROLLED
Uncontrolled term International relations and politics
Holdings
Withdrawn status Lost status Damaged status Not for loan Home library Current library Shelving location Date acquired Total Checkouts Full call number Barcode Date last seen Copy number Price effective from Koha item type
        Naharkatiya College Library Naharkatiya College Library   19/09/2020   327.11 | GOG 1062 19/09/2020 2 19/09/2020 Books
        Naharkatiya College Library Naharkatiya College Library   19/09/2020   327.11 | GOG 1065 19/09/2020 1 19/09/2020 Books

Naharkatiya College © 2020. All rights reserved.

Powered By